[Event "Enger Knappen Cup op-B"]
[Site "Enger"]
[Date "2009.12.30"]
[Round "7"]
[White "Kara, Ayse"]
[Black "Streiberger, Marco"]
[Result "0-1"]
[WhiteElo "724"]
[BlackElo "858"]
[PlyCount "54"]
[EventDate "2009.12.27"]
[EventType "swiss"]
[EventRounds "7"]
[EventCountry "GER"]
[SourceTitle "EXT 2011"]
[Source "ChessBase"]
[SourceDate "2010.11.26"]
[SourceVersion "1"]
[SourceVersionDate "2010.11.26"]
[SourceQuality "1"]

1. e4 e5 2. Nf3 Nf6 3. Nc3 Nc6 4. Bb5 Qe7 5. Bxc6 bxc6 6. d3 Qc5 7. d4 exd4 8. Qxd4 Ba6 9. Bf4 Qxd4 10. Nxd4 Bc5 11. Be5 Bb4 12. Nf5 Bxc3+ 13. Bxc3 Rg8 14. Be5 Kf8 15. Bxc7 Nxe4 16. Kd1 Nxf2+ 17. Ke1 Nxh1 18. Rd1 Re8+ 19. Kd2 g6 20. Bd6+ Re7 21. Bxe7+ Ke8 22. Rxh1 gxf5 23. Re1 Rxg2+ 24. Kc1 Re2 25. Bb4 f4 26. Rf1 Re4 27. Bd2 Bxf1 0-1